All Southampton Goals: Matt Le Tissier - Statistics

General Stats
  • This quiz has been taken 14 times
  • The average score is 143 of 208
Answer Stats
Answer % Correct
Arsenal
89%
Man City
89%
Tottenham
89%
Aston Villa
78%
Barnsley
78%
Blackburn
78%
Cardiff
78%
Chelsea
78%
Everton
78%
Hull
78%
Ipswich
78%
Liverpool
78%
Man United
78%
Newcastle
78%
Norwich
78%
Sheffield United
78%
Sheffield Wednesday
78%
Sunderland
78%
Bolton
67%
Bournemouth
67%
Brentford
67%
Crystal Palace
67%
Leicester
67%
Luton
67%
Middlesbrough
67%
Plymouth
67%
Reading
67%
Swindon
67%
West Ham
67%
Wimbledon
67%
Bristol City
56%
Charlton
56%
Coventry
56%
Derby
56%
Nottingham Forest
56%
Oldham
56%
QPR
56%
Watford
56%
Gillingham
44%
Huddersfield
44%
Mansfield
44%
Millwall
44%
Southend
44%
Lincoln
33%
Peterborough
33%
Crewe
22%
Scarborough
22%
Stockport
22%
No matching quizzes found
Score Distribution
Percent of People with Each Score
Percentile by Number Answered
Your Score History
You have not taken this quiz